| 000 | 00640nam a22002057a 4500 | ||
|---|---|---|---|
| 999 |
_c6133 _d6133 |
||
| 003 | AR-CdUCM | ||
| 008 | 190313b ||||| |||| 00| 0 spa d | ||
| 040 |
_aMUNICIPALIDAD PROVINCIAL DEL CUSCO _cBIBLIOTECA MUNICIPAL DEL CUSCO |
||
| 082 |
_a848.82 / _bF82 |
||
| 100 |
_aFrance, Anatole _910550 |
||
| 245 | _aLas opiniones de Jerónimo Coignard / | ||
| 260 |
_aSantiago de Chile : _bLetras, _c1936. |
||
| 300 |
_a141 páginas ; _c18.5 cm. |
||
| 500 | _aDonación familia Nieto | ||
| 650 |
_aNovelas francesas _9571 |
||
| 650 |
_aSiglo XIX _9971 |
||
| 700 |
_aRuiz Contreras, Luis (traductor) _917785 |
||
| 942 |
_2ddc _cLIBROS |
||
| 945 | _aafb | ||